000 01426nam0a2200337 i 4500
001 RU\NLR\BIBL_A\010509191
005 20260405065250.0
010 _a9785906549068
_91500
021 _aRU
_b2014-61192
_93718
035 _a(NLR Aleph) 010509191
090 _a10170547
_c10170547
100 _a20141024d2014 u y0rusy50 ca
101 0 _arus
102 _aRU
105 _aac||z||||00yb
200 1 _aЗвезда утренняя
205 _a[3-е изд.]
210 _aМосква
_cСимволик
_d2014
215 _a203, [1] с.
_cил., цв. ил., портр.
_d23
225 1 _aСерия книг об архимандрите Ипполите
_vкн. 1
225 1 _aАвторский проект Евгения Муравлева и Дмитрия Фомичева
300 _aПосвящается вечной памяти архимандрита Авеля (Македонова, 2006)
333 _a12+
600 0 _aИпполит
_cХалин, Сергей Иванович
_f1928 - 2002
_92361403
_3RU\NLR\AUTH\661410094
686 1 _aЭ372.24-374-028
702 0 _4570
_7ca
_8rus
_aИпполит
_cХалин, Сергей Иванович
_cархимандрит
_f1928-2002
_96170
_3RU\NLR\AUTH\7723116
942 _cBOOK
980 _aNBR